Fehrist-E-Kutub, Kitab Khana-E-Mubarak (Record no. 2516)
[ view plain ]
| 000 -LEADER | |
|---|---|
| fixed length control field | 00530nam a2200181 a 4500 |
| 082 00 - DEWEY DECIMAL CLASSIFICATION NUMBER | |
| Classification number | 011.2915 |
| Author Cutter | ASA |
| 100 ## - MAIN ENTRY--AUTHOR NAME | |
| Author name | Asadi Mirza Mohammad, Wali Khan |
| 245 ## - TITLE STATEMENT | |
| Title | Fehrist-E-Kutub, Kitab Khana-E-Mubarak |
| 260 ## - PUBLICATION, DISTRIBUTION, ETC. (IMPRINT) | |
| Place of publication | Iran |
| Name of publisher | Mash`had |
| Year of publication | 1924 |
| 300 ## - PHYSICAL DESCRIPTION | |
| Number of Pages | 20 |
| 500 ## - GENERAL NOTE | |
| General note | includes index and biblioraphy |
| 505 2# - FORMATTED CONTENTS NOTE | |
| Formatted contents note | 12 Volumes in Bounded in Six Volumes |
| 505 2# - FORMATTED CONTENTS NOTE | |
| Formatted contents note | 12 Volumes in Bounded in Six Volumes00 |
| 650 ## - SUBJECT ADDED ENTRY--TOPICAL TERM | |
| Topical Term | Catalogue-Private Collection |
| 942 ## - ADDED ENTRY ELEMENTS (KOHA) | |
| Koha item type | Books |
| 700 1# - | |
| -- | Asadi Mirza Mohammad, Wali Khan |
| Home library | Current library | Date acquired | Cost, normal purchase price | Full call number | Accession Number | Koha item type |
|---|---|---|---|---|---|---|
| Henry Martyn Institute Library | Henry Martyn Institute Library | 100.00 | 011.2915 ASA | 4615 | Archive Book | |
| Henry Martyn Institute Library | Henry Martyn Institute Library | 100.00 | 011.2915 ASA | 4616 | Archive Book | |
| Henry Martyn Institute Library | Henry Martyn Institute Library | 02/08/2016 | 100.00 | 011.2915 ASA | 4617 | Archive Book |
